Представление документа в формате MARC21

Поле Инд. ПП Название Значение
Тип записи m
Библиографический уровень m
001 Контрольный номер 870f016dda6b4b63944eefe0faca2ae4
005 Дата корректировки 20190412113044.4
008 Кодируемые данные 160218|||||||||ru||||||||||||||||||rus||
040 b Код языка каталог. rus
e Правила каталог. PSBO
084 a Индекс другой классификации/Индекс ББК 72+74.58+65.5я7
090 x Авторский знак М 54
245 10 a Заглавие Методические указания к организации и проведению учебной практики
c Ответственность Федер. агентство по рыболовству, ФГБОУ ВПО "Мурман. гос. техн. ун-т", Каф. междунар. отношений и коммуникаций ; сост. И. З. Щетинская, Е. С. Саенкова
h Физич. носитель Электронный ресурс
b Продолж. заглавия для студентов направления подгот. 41.03.05 (031900.62) "Международные отношения" (профиль "Мировая политика и международный бизнес") оч. формы обучения
256 a Характеристики компьютерного файла Электрон. текстовые дан. (1 файл : 157 Кб)
260 a Место издания Мурманск
b Издательство Изд-во МГТУ
c Дата издания 2015
500 10 a Примечание Доступ из локальной сети Мурман. гос. техн. ун-та. - Загл. с экрана
583 x Служебное примечание Полнотекстовые документы
x Служебное примечание Труды преподавателей МГТУ
z Открытое примечание 41.00.00
z Открытое примечание 41.03.05
z Открытое примечание 030000
653 1_ a Ключевые слова Методические указания; Международные отношения; Учебная практика; Труды преподавателей МГТУ; Электронные версии
856 0_ u URL https://elib.mauniver.ru/2015/M_15_24.pdf
901 t Тип документа m
952 c Вид литературы учебно-методическое издание